| 000 | 00518nam a22002057a 4500 | ||
|---|---|---|---|
| 999 |
_c7051 _d7051 |
||
| 003 | Ost | ||
| 005 | 20190319154616.0 | ||
| 008 | 190319b ||||| |||| 00| 0 eng d | ||
| 020 | _a9788181287601 | ||
| 040 | _cBT-PhCST | ||
| 050 | _a21497-21501 | ||
| 082 |
_222 _a610.28 _bYAN |
||
| 100 | _aYang, Victor C. | ||
| 245 | _aBiosensors and their applications / | ||
| 260 |
_bSpringer, _cc2000. |
||
| 300 |
_axviii, 360 p. : _bill. ; _c22 cm. |
||
| 500 | _aIncludes index. | ||
| 700 | _aNgo, That T. | ||
| 942 |
_2ddc _cECE |
||